A carregar...

Rajendra Yadhav ki pratinithi kahaniyam/

Detalhes bibliográficos
Outros Autores: Shailesh Matiyani (ed
Formato: Printed Book
Publicado em: Allahabad: Sahitya Bhandar, 2014.
Assuntos:
LEADER 00665nam a22001697a 4500
020 |a 9788177790552 
082 |a H301  |b RAJ/P 
245 |a Rajendra Yadhav ki pratinithi kahaniyam/  |c by Shailesh Matiyani (ed.) 
260 |a Allahabad:   |b Sahitya Bhandar,   |c 2014. 
300 |a 155p. 
650 |a Stories Hindi  |9 45455 
650 |a Literature Hindi   |9 45456 
650 |a Literature   |9 45457 
700 |a Shailesh Matiyani (ed.  |9 45458 
942 |c BK 
999 |c 71415  |d 71415 
952 |0 0  |1 0  |4 0  |6 H_301_000000000000000_RAJ_P  |7 0  |9 92022  |a SSUS  |b SSUS  |c STACKS  |d 2018-05-17  |g 250.00  |o H301 RAJ/P  |p 089133  |r 2018-05-17  |w 2018-05-17  |y BK